LEADER 01220nam a2200265 i 4500 001 000000356891 003 CaOOAMICUS 005 20240123105742.0 008 240123s2023 be a u000 u eng u 020 $a978-90-429-5025-2 040 $aSeMil$bita 245 00$aFrom interreligious learning to interworldview education /$cedited by Didier Pollefeyt. 264 1$aLeuven [etc.] :$bPeeters,$c2023. 300 $aVIII, 272 p. ;$c25 cm 490 1 $aBibliotheca Ephemeridum Theologicarum Lovaniensium ;$v332 650 4$aEtica e cultura.$0(OLS)http://semarc/subject/20155 650 4$aReligione e educazione.$0(OLS)http://semarc/subject/55004 700 1 $aPollefeyt, Didier,$d<1965- >.$0(OLS)http://semarc/name/55187 830 0$aBibliotheca Ephemeridum Theologicarum Lovaniensium ;$v332.$0(OLS)http://semarc/title/108 850 $aSeMil 852 $aSeMil$W1$xVenegono$y1$m2IA A 332$j245560$B248083$CSeMilBibl$Z2$F248083 $81 996 $6020$a978-90-429-5025-2$9(OLS)http://semarc/number/299688 996 $6245$aFrom interreligious learning to interworldview education$9(OLS)http://semarc/title/447113 996 $6264$aLeuven [etc.] :$bPeeters$9(OLS)http://semarc/publisher/32081 LEADER 01682nam a2200325 i 4500 001 000000175262 003 CaOOAMICUS 005 20081112000000.0 008 081112s2008 it u000 u ita u 013 $a152739 020 $a978-88-526-0172-9 040 $aSeMil$bita 245 10$aLiberi di appartenere nell'Europa che cambia :$bappunti da un convegno delle suore e dei laici collaboratori di Santa Francesca Cabrini /$cA cura di Alessandro Pirola ; Prefazione di Rino Fisichella ; Con un intervento di Mario Mauro. 260 $aCastel Bolognese :$bItaca,$c2008. 300 $a100 p. ;$c22 cm. 500 $aDono del card. Dionigi Tettamanzi. 650 4$aVita religiosa.$0(OLS)http://semarc/subject/5429 650 4$aVita consacrata.$0(OLS)http://semarc/subject/3870 650 4$aFrancesca Saverio : Cabrini - Spiritualitą.$0(OLS)http://semarc/subject/26625 650 4$aVita cristiana.$0(OLS)http://semarc/subject/4445 700 1 $aPirola, Alessandro.$0(OLS)http://semarc/name/65384 700 1 $aMauro, Mario <1961- >.$0(OLS)http://semarc/name/55592 700 1 $aFisichella, Rino,$c.$0(OLS)http://semarc/name/3789 850 $aSeMil 852 $aSeMil$W1$xVenegono$y1$m3G V 110$j126085$B126085$CSeMilBibl$Z2$F138113 $81 941 1 $a5 961 $aOmaggio: Tettamanzi Card. Dionigi 996 $6020$a978-88-526-0172-9$9(OLS)http://semarc/number/163466 996 $6245$aLiberi di appartenere nell'Europa che cambia :$bappunti da un convegno delle suore e dei laici collaboratori di Santa Francesca Cabrini$9(OLS)http://semarc/title/251338 996 $6260$aCastel Bolognese :$bItaca$9(OLS)http://semarc/publisher/33850